LEADER 01275oam 2200409zu 450 001 9910872799403321 005 20241212214848.0 035 $a(CKB)111026746719428 035 $a(SSID)ssj0000455110 035 $a(PQKBManifestationID)12175371 035 $a(PQKBTitleCode)TC0000455110 035 $a(PQKBWorkID)10399600 035 $a(PQKB)10690288 035 $a(NjHacI)99111026746719428 035 $a(EXLCZ)99111026746719428 100 $a20160829d1997 uy 101 0 $aeng 135 $aur||||||||||| 181 $ctxt 182 $cc 183 $acr 200 10$a1997 14th Annual IEEE/AES Dayton Chapter Symposium Synthetic Visualization: Systems and Applications" 210 31$a[Place of publication not identified]$cI E E E$d1997 215 $a1 online resource 300 $aBibliographic Level Mode of Issuance: Monograph 311 08$a9780780339651 311 08$a0780339657 606 $aVirtual reality$vCongresses 615 0$aVirtual reality 676 $a629.135 712 02$aIEEE Aerospace and Electronic Systems Society.$bDayton Chapter. 712 02$aIEEE Aerospace and Electronic Systems Society. 801 0$bPQKB 906 $aBOOK 912 $a9910872799403321 996 $a1997 14th Annual IEEE$92545466 997 $aUNINA